| Поле | Название | Значение |
| |
Тип записи |
a |
| |
Библиографический уровень |
m |
| 001 |
Контрольный номер |
RU/URAIT/585081 |
| 005 |
Дата корректировки |
20260429163658.6 |
| 008 |
Кодируемые данные |
260429s2026 RU y f j 000 0 rus u |
| 020 |
Индекс ISBN |
__ |
| a |
ISBN |
978-5-534-05149-0 |
| c |
Цена, тираж |
789.00 |
| 040 |
Источник каталогиз. |
__ |
| a |
Служба первич. каталог. |
ИКО Юрайт |
| c |
Служба, преобразующая запись |
ИКО Юрайт |
| e |
Правила каталог. |
RCR |
| 041 |
Код языка издания |
__ |
| a |
Код языка текста |
rus |
| 044 |
Код страны публикации |
__ |
| a |
Код страны публикации |
RU |
| 080 |
Индекс УДК |
__ |
| a |
Индекс УДК |
675(075.8) |
| 084 |
Индекс другой классификации/Индекс ББК |
__ |
| 2 |
Источник индекса |
rubbk |
| a |
Индекс другой классификации/Индекс ББК |
37.25я73 |
| 100 |
Автор |
__ |
| a |
Автор |
Островская А. |
| q |
Полное имя |
Островская Алла |
| 245 |
Заглавие |
__ |
| a |
Заглавие |
Химия и технология кожи и меха: теоретические основы |
| b |
Продолж. заглавия |
учебник для вузов |
| c |
Ответственность |
А. В. Островская, Г. Г. Лутфуллина, И. Ш. Абдуллин. |
| 250 |
Сведения об издании |
__ |
| g |
|
пер. и доп |
| a |
Основные сведения об издании |
2-е изд. |
| 256 |
Характеристики компьютерного файла |
__ |
| a |
Характеристики компьютерного файла |
Электрон. дан. |
| 260 |
Выходные данные |
__ |
| a |
Место издания |
Москва |
| b |
Издательство |
Юрайт |
| c |
Дата издания |
2026 |
| 300 |
Физическое описание |
__ |
| a |
Объем |
161 с |
| 440 |
Серия |
__ |
| a |
Серия |
Высшее образование |
| 500 |
Примечания |
__ |
| a |
Примечание |
URL: https://urait.ru/bcode/585081 (дата обращения: 29.04.2026). |
| 520 |
Аннотация |
__ |
| a |
Аннотация |
Материалы учебного пособия подобраны в соответствии с действующей программой дисциплины «Химия и технология кожи и меха». В книге дается характеристика сырья кожевенного и мехового производства, а также описываются приемы и методы его обработки — от консервирования до дубления — неорганическими веществами. |
| 538 |
Прим. о системных особенностях |
__ |
| a |
Прим. о системных особенностях |
Режим доступа: Электронно-библиотечная система Юрайт, для авториз. пользователей |
| 653 |
Ключевые слова |
__ |
| a |
Ключевые слова |
Легкая промышленность |
| 653 |
Ключевые слова |
__ |
| a |
Ключевые слова |
Технические науки |
| 653 |
Ключевые слова |
__ |
| a |
Ключевые слова |
Технология изделий из кожи |
| 653 |
Ключевые слова |
__ |
| a |
Ключевые слова |
Оборудование производства изделий из кожи и основы проектирования оборудования |
| 653 |
Ключевые слова |
__ |
| a |
Ключевые слова |
Конструирование изделий из кожи |
| 653 |
Ключевые слова |
__ |
| a |
Ключевые слова |
Химия и технология кожи и меха |
| 653 |
Ключевые слова |
__ |
| a |
Ключевые слова |
Современные технологии в производстве кожевенно-меховых товаров |
| 653 |
Ключевые слова |
__ |
| a |
Ключевые слова |
Технология восстановления потребительских свойств кожи и меха |
| 653 |
Ключевые слова |
__ |
| a |
Ключевые слова |
Технология изделий из кожи и меха |
| 653 |
Ключевые слова |
__ |
| a |
Ключевые слова |
Болезни пушных зверей |
| 653 |
Ключевые слова |
__ |
| a |
Ключевые слова |
Технология изделий из натурального меха и кожи |
| 653 |
Ключевые слова |
__ |
| a |
Ключевые слова |
Производство и первичная обработка кожевенного пушно-мехового сырья |
| 653 |
Ключевые слова |
__ |
| a |
Ключевые слова |
Аналитическая химия элементов производства кожи и меха |
| 653 |
Ключевые слова |
__ |
| a |
Ключевые слова |
Исследовательская работа по технологии кожи и меха |
| 653 |
Ключевые слова |
__ |
| a |
Ключевые слова |
Практическая технология производства кожи и меха |
| 653 |
Ключевые слова |
__ |
| a |
Ключевые слова |
Специальные главы по технологии кожи и меха |
| 653 |
Ключевые слова |
__ |
| a |
Ключевые слова |
Технология кожи и меха |
| 653 |
Ключевые слова |
__ |
| a |
Ключевые слова |
Технология первичной обработки пушно-мехового сырья |
| 653 |
Ключевые слова |
__ |
| a |
Ключевые слова |
Кожевенное и пушно-меховое сырье |
| 653 |
Ключевые слова |
__ |
| a |
Ключевые слова |
Технология кожевенного и пушно-мехового сырья |
| 653 |
Ключевые слова |
__ |
| a |
Ключевые слова |
Болезни пушных и диких зверей |
| 653 |
Ключевые слова |
__ |
| a |
Ключевые слова |
Проектирование изделий из кожи для индивидуального потребителя |
| 653 |
Ключевые слова |
__ |
| a |
Ключевые слова |
Идентификация кожи, меха и текстильных материалов |
| 653 |
Ключевые слова |
__ |
| a |
Ключевые слова |
Аналитический контроль в производстве кожи и меха |
| 653 |
Ключевые слова |
__ |
| a |
Ключевые слова |
Выделка и крашение кожевенного и мехового сырья |
| 653 |
Ключевые слова |
__ |
| a |
Ключевые слова |
Дизайн-проектирование изделий из кожи |
| 653 |
Ключевые слова |
__ |
| a |
Ключевые слова |
Компьютерное проектирование в технологии изделий из кожи |
| 653 |
Ключевые слова |
__ |
| a |
Ключевые слова |
Материаловедение в производстве изделий из кожи |
| 653 |
Ключевые слова |
__ |
| a |
Ключевые слова |
Материаловедение в производстве изделий из кожи и меха |
| 653 |
Ключевые слова |
__ |
| a |
Ключевые слова |
Материаловедение в производстве кожи и меха |
| 653 |
Ключевые слова |
__ |
| a |
Ключевые слова |
Материалы для изделий из кожи |
| 653 |
Ключевые слова |
__ |
| a |
Ключевые слова |
Методы оценки качества кожи и меха |
| 653 |
Ключевые слова |
__ |
| a |
Ключевые слова |
Механическая технология изделий из кожи |
| 653 |
Ключевые слова |
__ |
| a |
Ключевые слова |
Механические процессы художественной обработки при производстве кожи и меха |
| 653 |
Ключевые слова |
__ |
| a |
Ключевые слова |
Моделирование и оптимизация технологических процессов производства кожи и меха |
| 653 |
Ключевые слова |
__ |
| a |
Ключевые слова |
Мониторинг рынка кожи и меха |
| 653 |
Ключевые слова |
__ |
| a |
Ключевые слова |
Нормативно-техническая документация и оценка качества кожи и меха |
| 653 |
Ключевые слова |
__ |
| a |
Ключевые слова |
Основы товароведения и потребительские свойства кожи и меха |
| 653 |
Ключевые слова |
__ |
| a |
Ключевые слова |
Основы функционирования технологических процессов в производстве изделий из кожи |
| 653 |
Ключевые слова |
__ |
| a |
Ключевые слова |
Проектирование изделий из кожи в САПР |
| 653 |
Ключевые слова |
__ |
| a |
Ключевые слова |
Реставрация и восстановление потребительских свойств кожи и меха |
| 653 |
Ключевые слова |
__ |
| a |
Ключевые слова |
Ресурсосберегающие технологии производства кожи и меха |
| 653 |
Ключевые слова |
__ |
| a |
Ключевые слова |
Сертификация кожи и меха |
| 653 |
Ключевые слова |
__ |
| a |
Ключевые слова |
Современные методики проектирования изделий из кожи |
| 653 |
Ключевые слова |
__ |
| a |
Ключевые слова |
Техническое и информационное обеспечение дизайна изделий из кожи |
| 653 |
Ключевые слова |
__ |
| a |
Ключевые слова |
Технологии и оценка качества продукции кожевенного производства |
| 653 |
Ключевые слова |
__ |
| a |
Ключевые слова |
Технологии производства и оценка качества изделий из кожи |
| 653 |
Ключевые слова |
__ |
| a |
Ключевые слова |
Технологические процессы в производстве изделий из кожи |
| 653 |
Ключевые слова |
__ |
| a |
Ключевые слова |
Формирование качества и конкурентоспособность кожи и меха |
| 653 |
Ключевые слова |
__ |
| a |
Ключевые слова |
Экологические проблемы в технологии кожи и меха |
| 653 |
Ключевые слова |
__ |
| a |
Ключевые слова |
Экспертиза и оценка безопасности кожи и меха |
| 653 |
Ключевые слова |
__ |
| a |
Ключевые слова |
Автоматизация технологических процессов производства кожи и меха |
| 653 |
Ключевые слова |
__ |
| a |
Ключевые слова |
Инновационные технологии и экологические проблемы в производстве кожи и меха |
| 653 |
Ключевые слова |
__ |
| a |
Ключевые слова |
Органическая химия и основы биохимии в производстве кожи и меха |
| 653 |
Ключевые слова |
__ |
| a |
Ключевые слова |
Основы химии в технологии производства кожи и меха |
| 653 |
Ключевые слова |
__ |
| a |
Ключевые слова |
Проектирование технологических процессов и сертификация полуфабриката кожи и меха |
| 653 |
Ключевые слова |
__ |
| a |
Ключевые слова |
Сертификация и проектирование структуры рационального ассортимента кожи и меха |
| 653 |
Ключевые слова |
__ |
| a |
Ключевые слова |
Современные направления создания основных и вспомогательных материалов для производства кожи и меха |
| 653 |
Ключевые слова |
__ |
| a |
Ключевые слова |
Специальные главы технологии кожи и меха |
| 653 |
Ключевые слова |
__ |
| a |
Ключевые слова |
Физико-химические методы исследования строения, структуры и свойств кожи и меха |
| 653 |
Ключевые слова |
__ |
| a |
Ключевые слова |
Химия и физика высокомолекулярных соединений в производстве кожи и меха |
| 653 |
Ключевые слова |
__ |
| a |
Ключевые слова |
Химия красителей и крашения |
| 653 |
Ключевые слова |
__ |
| a |
Ключевые слова |
Биологические основы кожевенно-обувной промышленности |
| 653 |
Ключевые слова |
__ |
| a |
Ключевые слова |
Восстановление потребительских свойств изделий из кожи и меха |
| 653 |
Ключевые слова |
__ |
| a |
Ключевые слова |
Инновационные технологии производства изделий из кожи |
| 653 |
Ключевые слова |
__ |
| a |
Ключевые слова |
Конструирование и выполнение в материале изделий из кожи |
| 653 |
Ключевые слова |
__ |
| a |
Ключевые слова |
Конструирование изделий из кожи различного назначения |
| 653 |
Ключевые слова |
__ |
| a |
Ключевые слова |
Материаловедение и товароведение изделий из текстиля, кожи и меха |
| 653 |
Ключевые слова |
__ |
| a |
Ключевые слова |
Проектирование и изготовление изделий из кожи |
| 653 |
Ключевые слова |
__ |
| a |
Ключевые слова |
Проектирование конструкций и технологии специальных изделий из кожи |
| 653 |
Ключевые слова |
__ |
| a |
Ключевые слова |
Теория технологических процессов производства изделий из кожи |
| 653 |
Ключевые слова |
__ |
| a |
Ключевые слова |
Технология защиты сырья и изделий из кожи и меха от биологических повреждений |
| 653 |
Ключевые слова |
__ |
| a |
Ключевые слова |
Технология специальных изделий из кожи |
| 653 |
Ключевые слова |
__ |
| a |
Ключевые слова |
Физико-химические процессы технологии изделий из кожи |
| 653 |
Ключевые слова |
__ |
| a |
Ключевые слова |
Физические основы современной технологии производства изделий из кожи |
| 653 |
Ключевые слова |
__ |
| a |
Ключевые слова |
Химическая технология облагораживания текстильных изделий, кожи и меха |
| 653 |
Ключевые слова |
__ |
| a |
Ключевые слова |
Технология кожи |
| 653 |
Ключевые слова |
__ |
| a |
Ключевые слова |
Технология производства кожи и меха |
| 700 |
Другие авторы |
__ |
| a |
Другие авторы |
Лутфуллина Г. Г. |
| q |
Полное имя |
Лутфуллина Гульназ Гусмановна |
| 700 |
Другие авторы |
__ |
| a |
Другие авторы |
Абдуллин И. Ш. |
| q |
Полное имя |
Абдуллин Ильдар Шаукатович |
| 856 |
Электронный адрес документа |
40 |
| n |
Местонахождение сервера |
Юрайт |
| g |
|
Электронная книга |
| q |
Тип электронного формата |
html |
| h |
Имя пользователя |
ЮРАЙТ |
| v |
Часы доступа к ресурсу |
20271231 |
| 2 |
Способ доступа |
Показать документ |
| x |
Служебное примечание |
https://urait.ru/book/cover/C7ED1FB2-8792-4FF0-A3F8-191D09B9540E |
| u |
URL |
https://urait.ru/bcode/585081 |
| 856 |
Электронный адрес документа |
48 |
| q |
Тип электронного формата |
cover |
| u |
URL |
https://urait.ru/book/cover/C7ED1FB2-8792-4FF0-A3F8-191D09B9540E |
| 911 |
|
__ |
| u |
|
0030=https://urait.ru/bcode/585081 |
| 911 |
|
__ |
| u |
|
073a=9785534051490 |
| u |
|
073d=789.00 |
| 911 |
|
__ |
| u |
|
106a=s |
| 911 |
|
__ |
| u |
|
900l= |
| 952 |
Тип литературы |
__ |
| i |
Дисциплина |
Технология изделий из кожи |
| 952 |
Тип литературы |
__ |
| i |
Дисциплина |
Оборудование производства изделий из кожи и основы проектирования оборудования |
| 952 |
Тип литературы |
__ |
| i |
Дисциплина |
Конструирование изделий из кожи |
| 952 |
Тип литературы |
__ |
| i |
Дисциплина |
Химия и технология кожи и меха |
| 952 |
Тип литературы |
__ |
| i |
Дисциплина |
Современные технологии в производстве кожевенно-меховых товаров |
| 952 |
Тип литературы |
__ |
| i |
Дисциплина |
Технология восстановления потребительских свойств кожи и меха |
| 952 |
Тип литературы |
__ |
| i |
Дисциплина |
Технология изделий из кожи и меха |
| 952 |
Тип литературы |
__ |
| i |
Дисциплина |
Болезни пушных зверей |
| 952 |
Тип литературы |
__ |
| i |
Дисциплина |
Технология изделий из натурального меха и кожи |
| 952 |
Тип литературы |
__ |
| i |
Дисциплина |
Производство и первичная обработка кожевенного пушно-мехового сырья |
| 952 |
Тип литературы |
__ |
| i |
Дисциплина |
Аналитическая химия элементов производства кожи и меха |
| 952 |
Тип литературы |
__ |
| i |
Дисциплина |
Исследовательская работа по технологии кожи и меха |
| 952 |
Тип литературы |
__ |
| i |
Дисциплина |
Практическая технология производства кожи и меха |
| 952 |
Тип литературы |
__ |
| i |
Дисциплина |
Специальные главы по технологии кожи и меха |
| 952 |
Тип литературы |
__ |
| i |
Дисциплина |
Технология кожи и меха |
| 952 |
Тип литературы |
__ |
| i |
Дисциплина |
Технология первичной обработки пушно-мехового сырья |
| 952 |
Тип литературы |
__ |
| i |
Дисциплина |
Кожевенное и пушно-меховое сырье |
| 952 |
Тип литературы |
__ |
| i |
Дисциплина |
Технология кожевенного и пушно-мехового сырья |
| 952 |
Тип литературы |
__ |
| i |
Дисциплина |
Болезни пушных и диких зверей |
| 952 |
Тип литературы |
__ |
| i |
Дисциплина |
Проектирование изделий из кожи для индивидуального потребителя |
| 952 |
Тип литературы |
__ |
| i |
Дисциплина |
Идентификация кожи, меха и текстильных материалов |
| 952 |
Тип литературы |
__ |
| i |
Дисциплина |
Аналитический контроль в производстве кожи и меха |
| 952 |
Тип литературы |
__ |
| i |
Дисциплина |
Выделка и крашение кожевенного и мехового сырья |
| 952 |
Тип литературы |
__ |
| i |
Дисциплина |
Дизайн-проектирование изделий из кожи |
| 952 |
Тип литературы |
__ |
| i |
Дисциплина |
Компьютерное проектирование в технологии изделий из кожи |
| 952 |
Тип литературы |
__ |
| i |
Дисциплина |
Материаловедение в производстве изделий из кожи |
| 952 |
Тип литературы |
__ |
| i |
Дисциплина |
Материаловедение в производстве изделий из кожи и меха |
| 952 |
Тип литературы |
__ |
| i |
Дисциплина |
Материаловедение в производстве кожи и меха |
| 952 |
Тип литературы |
__ |
| i |
Дисциплина |
Материалы для изделий из кожи |
| 952 |
Тип литературы |
__ |
| i |
Дисциплина |
Методы оценки качества кожи и меха |
| 952 |
Тип литературы |
__ |
| i |
Дисциплина |
Механическая технология изделий из кожи |
| 952 |
Тип литературы |
__ |
| i |
Дисциплина |
Механические процессы художественной обработки при производстве кожи и меха |
| 952 |
Тип литературы |
__ |
| i |
Дисциплина |
Моделирование и оптимизация технологических процессов производства кожи и меха |
| 952 |
Тип литературы |
__ |
| i |
Дисциплина |
Мониторинг рынка кожи и меха |
| 952 |
Тип литературы |
__ |
| i |
Дисциплина |
Нормативно-техническая документация и оценка качества кожи и меха |
| 952 |
Тип литературы |
__ |
| i |
Дисциплина |
Основы товароведения и потребительские свойства кожи и меха |
| 952 |
Тип литературы |
__ |
| i |
Дисциплина |
Основы функционирования технологических процессов в производстве изделий из кожи |
| 952 |
Тип литературы |
__ |
| i |
Дисциплина |
Проектирование изделий из кожи в САПР |
| 952 |
Тип литературы |
__ |
| i |
Дисциплина |
Реставрация и восстановление потребительских свойств кожи и меха |
| 952 |
Тип литературы |
__ |
| i |
Дисциплина |
Ресурсосберегающие технологии производства кожи и меха |
| 952 |
Тип литературы |
__ |
| i |
Дисциплина |
Сертификация кожи и меха |
| 952 |
Тип литературы |
__ |
| i |
Дисциплина |
Современные методики проектирования изделий из кожи |
| 952 |
Тип литературы |
__ |
| i |
Дисциплина |
Техническое и информационное обеспечение дизайна изделий из кожи |
| 952 |
Тип литературы |
__ |
| i |
Дисциплина |
Технологии и оценка качества продукции кожевенного производства |
| 952 |
Тип литературы |
__ |
| i |
Дисциплина |
Технологии производства и оценка качества изделий из кожи |
| 952 |
Тип литературы |
__ |
| i |
Дисциплина |
Технологические процессы в производстве изделий из кожи |
| 952 |
Тип литературы |
__ |
| i |
Дисциплина |
Формирование качества и конкурентоспособность кожи и меха |
| 952 |
Тип литературы |
__ |
| i |
Дисциплина |
Экологические проблемы в технологии кожи и меха |
| 952 |
Тип литературы |
__ |
| i |
Дисциплина |
Экспертиза и оценка безопасности кожи и меха |
| 952 |
Тип литературы |
__ |
| i |
Дисциплина |
Автоматизация технологических процессов производства кожи и меха |
| 952 |
Тип литературы |
__ |
| i |
Дисциплина |
Инновационные технологии и экологические проблемы в производстве кожи и меха |
| 952 |
Тип литературы |
__ |
| i |
Дисциплина |
Органическая химия и основы биохимии в производстве кожи и меха |
| 952 |
Тип литературы |
__ |
| i |
Дисциплина |
Основы химии в технологии производства кожи и меха |
| 952 |
Тип литературы |
__ |
| i |
Дисциплина |
Проектирование технологических процессов и сертификация полуфабриката кожи и меха |
| 952 |
Тип литературы |
__ |
| i |
Дисциплина |
Сертификация и проектирование структуры рационального ассортимента кожи и меха |
| 952 |
Тип литературы |
__ |
| i |
Дисциплина |
Современные направления создания основных и вспомогательных материалов для производства кожи и меха |
| 952 |
Тип литературы |
__ |
| i |
Дисциплина |
Специальные главы технологии кожи и меха |
| 952 |
Тип литературы |
__ |
| i |
Дисциплина |
Физико-химические методы исследования строения, структуры и свойств кожи и меха |
| 952 |
Тип литературы |
__ |
| i |
Дисциплина |
Химия и физика высокомолекулярных соединений в производстве кожи и меха |
| 952 |
Тип литературы |
__ |
| i |
Дисциплина |
Химия красителей и крашения |
| 952 |
Тип литературы |
__ |
| i |
Дисциплина |
Биологические основы кожевенно-обувной промышленности |
| 952 |
Тип литературы |
__ |
| i |
Дисциплина |
Восстановление потребительских свойств изделий из кожи и меха |
| 952 |
Тип литературы |
__ |
| i |
Дисциплина |
Инновационные технологии производства изделий из кожи |
| 952 |
Тип литературы |
__ |
| i |
Дисциплина |
Конструирование и выполнение в материале изделий из кожи |
| 952 |
Тип литературы |
__ |
| i |
Дисциплина |
Конструирование изделий из кожи различного назначения |
| 952 |
Тип литературы |
__ |
| i |
Дисциплина |
Материаловедение и товароведение изделий из текстиля, кожи и меха |
| 952 |
Тип литературы |
__ |
| i |
Дисциплина |
Проектирование и изготовление изделий из кожи |
| 952 |
Тип литературы |
__ |
| i |
Дисциплина |
Проектирование конструкций и технологии специальных изделий из кожи |
| 952 |
Тип литературы |
__ |
| i |
Дисциплина |
Теория технологических процессов производства изделий из кожи |
| 952 |
Тип литературы |
__ |
| i |
Дисциплина |
Технология защиты сырья и изделий из кожи и меха от биологических повреждений |
| 952 |
Тип литературы |
__ |
| i |
Дисциплина |
Технология специальных изделий из кожи |
| 952 |
Тип литературы |
__ |
| i |
Дисциплина |
Физико-химические процессы технологии изделий из кожи |
| 952 |
Тип литературы |
__ |
| i |
Дисциплина |
Физические основы современной технологии производства изделий из кожи |
| 952 |
Тип литературы |
__ |
| i |
Дисциплина |
Химическая технология облагораживания текстильных изделий, кожи и меха |
| 952 |
Тип литературы |
__ |
| i |
Дисциплина |
Технология кожи |
| 952 |
Тип литературы |
__ |
| i |
Дисциплина |
Технология производства кожи и меха |